000 00726nam a2200277Ia 4500
005 20260324132038.0
008 008 260324s9999 xx 000 0 eng d
020 _a9780429220791
037 _aEBOOK
040 _aCRL
040 _beng
040 _cCRL
041 _2eng
041 _aeng
084 _qCRL
100 _aM.T. Hutchings; T.M. Holden; Torben Lorentzen; P.J. Withers
_91187828
245 0 _aIntroduction to the Characterization of Residual Stress by Neutron Diffraction
260 _bTaylor and Francis
260 _c2005
365 _a
365 _b340
856 _uhttp://www.taylorfrancis.com/books/9780429220791
942 _cEBOOK
999 _c1785523
_d1785523